000 00278nam a2200109Ia 4500
008 210430s9999 xx 000 0 und d
082 _a320.531 Q11G
100 _aMuammar Al Qadhafi
_954636
245 4 _aThe Green Book Muammar Al Qadhafi /
300 _a189
942 _cBK
_2ddc
999 _c565273
_d565273